000 00791nam a22001817a 4500
999 _c60656
_d60656
005 20231003142139.0
008 231003b xxu||||| |||| 00| 0 geo d
020 _a9783882268645
041 _ager
080 _a745(495) D-45
245 _aDer Jenaer Maler :
_bEine Töpferwerkstatt im klassischen Athen
_cFragmente attischer Trinkschalen der Sammlung Antiker Kleinkunst der Friedrich-Schiller-Universität Jena.
264 _aWiesbaden,
_c1996.
300 _a102 p. :
_bill.;
_c21 cm.
653 _aიენის მხატვარი
653 _aკლასიკური ჭურჭელი
653 _aფრიდრიხ შილერის უნივერსიტეტის იენას ანტიკური კოლექცია
942 _2udc
_cBK